000 00718nam a2200241Ia 4500
003 OSt
005 20220923223859.0
006 a|||||r|||| 00| 0
007 ta
008 220922b |||||||| |||| 00| 0 hin d
024 _a222,876
037 _cTextual
040 _aARTS
_cARTS
_bhin
041 _2hin
_ahin
082 _aO152,3N19x, P4
100 _aप्रीतम, अमृता
245 0 _aएक थी सारा
246 _aEk thī sārā
260 _aनई दिल्ली
_b जगतराम एण्ड सन्स
_c2004
300 _a160पृ.
_ccm.
942 _hO152,3N19x, P4
_cTEXL
_2CC
999 _c367973
_d367973